Everything Jesus taught; vol. 1. (Record no. 5032)

000 -LEADER
fixed length control field 00648nam a2200217 a 4500
001 - CONTROL NUMBER
control field :::00002773$&:&@@
003 - CONTROL NUMBER IDENTIFIER
control field OkBaRHE
005 - DATE AND TIME OF LATEST TRANSACTION
control field 20000830134949.0
008 - FIXED-LENGTH DATA ELEMENTS--GENERAL INFORMATION
fixed length control field s1976 j 000 0 eng u
020 ## - INTERNATIONAL STANDARD BOOK NUMBER
International Standard Book Number 0060652608 (v. 1)
040 ## - CATALOGING SOURCE
Transcribing agency
100 1# - MAIN ENTRY--PERSONAL NAME
Personal name Lockyer, Herbert.
245 10 - TITLE STATEMENT
Title Everything Jesus taught; vol. 1.
250 ## - EDITION STATEMENT
Edition statement 1st ed.
260 ## - PUBLICATION, DISTRIBUTION, ETC. (IMPRINT)
Place of publication, distribution, etc New York, NY., :
Name of publisher, distributor, etc Harper & Row
Date of publication, distribution, etc c1976
300 ## - PHYSICAL DESCRIPTION
Extent v. (1 - 5) ;
Dimensions 18 cm.
490 0# - SERIES STATEMENT
Series statement Harper jubilee books ; HJ 19-23
650 ## - SUBJECT ADDED ENTRY--TOPICAL TERM
Topical term or geographic name as entry element Jesus Christ
General subdivision Teachings
942 ## - ADDED ENTRY ELEMENTS (KOHA)
Source of classification or shelving scheme
Koha item type Books
Copies
Lost status Shelving location Damaged status Koha item type Withdrawn status Not for loan Full call number Copy number Price effective from Permanent Location Date last seen Source of classification or shelving scheme Date acquired Barcode
 General Stacks Books  BS 2415 .L612010-04-14RHEMA Bible Training College2018-03-16 2010-04-142773